Cahiers de l'été 1944 (notice n° 2123824)
[ vue normale ]
| 000 -LEADER | |
|---|---|
| fixed length control field | 01380cam a2200133 4500500 |
| 005 - DATE AND TIME OF LATEST TRANSACTION | |
| control field | 20260405020539.0 |
| 041 ## - LANGUAGE CODE | |
| Language code of text/sound track or separate title | fre |
| 042 ## - AUTHENTICATION CODE | |
| Authentication code | dc |
| 100 10 - MAIN ENTRY--PERSONAL NAME | |
| Personal name | Duroselle, Jean-Baptiste |
| Relator term | author |
| 245 00 - TITLE STATEMENT | |
| Title | Cahiers de l'été 1944 |
| 260 ## - PUBLICATION, DISTRIBUTION, ETC. | |
| Name of publisher, distributor, etc. | Gallimard,<br/> |
| Date of publication, distribution, etc. | 2025.<br/> |
| 520 ## - SUMMARY, ETC. | |
| Summary, etc. | «J’ai besoin d’exprimer ma rage, un besoin violent, et inexorable.» C’est d’abord le cri d’un témoin en colère qui traverse ces cahiers rédigés à la fin de l’été 1944. Très vite, cependant, apparaît la capacité d’analyse du jeune historien de vingt-sept ans, assistant depuis l’Auvergne à la reconquête du territoire par les forces alliées: il entreprend de retracer, en même temps qu’un cheminement intérieur, ce qu’il appelle «l’histoire morale» de la France du début des années 1940, une histoire faite d’humiliation, de frustration et de honte, sentiments qui cèdent lentement le pas à une fierté renouvelée. Réquisitoire implacable et exercice d’introspection, ce texte inédit de Jean-Baptiste Duroselle (1917-1994), l’un des fondateurs de l’école française de l’histoire des relations internationales, constitue, huit décennies plus tard, un document précieux et sans concession pour comprendre Vichy et l’Occupation. |
| 856 41 - ELECTRONIC LOCATION AND ACCESS | |
| Uniform Resource Identifier | <a href="https://shs.cairn.info/cahiers-de-lete-1944--9782073121806?lang=fr&redirect-ssocas=7080">https://shs.cairn.info/cahiers-de-lete-1944--9782073121806?lang=fr&redirect-ssocas=7080</a> |
Pas d'exemplaire disponible.




Réseaux sociaux